000 01020 a2200157 4500
003 NUST
005 20221222182245.0
040 _cNust
082 _a355,NOT
245 _aNotes on the land & air forces of the British oversea dominions, colonies, protectorates & mandated territories (exclusive of India and Iraq) /
_cGreat Britain. War Office.
260 _aLondon
_bH. M. Stationery office
_c1930.
300 _a176 p.:
505 _aThe Dominions (Page-5), British Colonies and Protectorates in Europe, Asia and The India Ocean (Page-60), British North Borneo And Island in the Pacific Ocean (Page-91), The Middle East (Page-99), British Colonies and Protectorates and Mandated Territories in East Africa (Page-111), British Colonies and Protectorates in South Africa (Page-127), British Colonies and Protectorates in West Africa (Page-138), British Colonies in the Americas, The West Indies and the Atlantic Ocean (Page-151).
650 _aGreat Britain. Army --Colonial forces
_9105710
942 _2ddc
_cBK
_k355,NOT
999 _c184737
_d184737